| 000 | 00598nam a2200193Ia 4500 | ||
|---|---|---|---|
| 005 | 20250326145217.0 | ||
| 008 | 250326s9999 xx 000 0 und d | ||
| 037 | _aTextbook | ||
| 040 |
_aFMSL _beng _cFMSL |
||
| 041 |
_aeng _2eng |
||
| 084 |
_aX:8obSNI N4 _qFMSL |
||
| 100 |
_aWalton R E _9740270 |
||
| 245 | 0 |
_aStrategic negotiations: theory of change in labor-management relations _cWalton R E And Others |
|
| 260 |
_aNew Delhi _bNew Delhi, Harvard Business School _c2010 |
||
| 365 | _b1600 | ||
| 650 | _aManagement | ||
| 942 |
_cTB _hX:8obSNI N4 |
||
| 999 |
_c1306766 _d1306766 |
||